Consideraciones previas para un estudio de la juventud popular urbana en América Latina /

Guardado en:
Bibliografiske detaljer
Hovedforfatter: Martínez, Javier
Institution som forfatter: CEPAL
Andre forfattere: Valenzuela, Eduardo
Format: Texto
Udgivet: Santiago: CEPAL
Tags: Tilføj Tag
Ingen Tags, Vær først til at tagge denne postø!

MARC

LEADER 00000 a a2200000 04500
001 24113
003
040
090 |a 171300  
100 |a Martínez, Javier  
110 |a CEPAL  
245 |a Consideraciones previas para un estudio de la juventud popular urbana en América Latina /  |c Javier Martínez 
260 |a Santiago:   |b CEPAL  
300 |a 57 p.  
700 |a Valenzuela, Eduardo  
999 |c 12199  |d 12199